Statistics for African Countries by 10 Category Elimination

Click here to take the quiz!

General Stats

  • This quiz has been taken 4,303 times
  • The average score is 9 of 10

Answer Stats

#CategoryCountry% Correct
50doesn't contain the letter Z
100%
36has unique first 3 letters for Africa
98%
29doesn't have land on the Equator
98%
23doesn't touch the Sahara Desert
96%
22makes up <1% of world population
95%
16initial in the first half of the alphabet
94%
11is over 25,000 sq.km (~10,000 sq.mi)
92%
8is not landlocked (is coastal)
89%
3is in West Africa (Wikipedia borders)
78%
1whose official language is EnglishGhana
66%

Score Distribution

Percentile by Number Answered

Percent of People with Each Score

Your Score History

You have not taken this quiz